000 00509cam a2200205ua 4500
001 6111
005 20260515114001.0
008 131119n ii |||gr||||Z||||||eng
040 _cMAIN
082 _a657
100 _aJain,S.P.,
_eAuthor.,
245 _aHigher Accountancy :
_bVol II /
_cBy S.P. Jain .
250 _a1st ed.
260 _aLudhiana:
_bKalyani Publishers,
_c1996.
300 _ax,16.83p.
653 _aAccounting
653 _aAccountancy
700 _aNaran,K.L.,
_eAuthor.
942 _cBK
999 _c5258
_d5258